000 00745nam a2200205Ia 4500
003 GCL
008 140319s9999 xx 000 0 ara d
040 _aGCL /
_cGCL
082 0 4 _a823.009
_bك م
100 1 _aكيثل, ارنولد
245 1 0 _aمدخل الى الادب الروائى الانجليزى الجزء الاول الى جواج اليوت /
_cكيثل, ارنولد
260 _a[S.N] :
_bالهيئة المصرية العامة للكتاب ،
_c1994
300 _a199 ص
490 _a
650 0 4 _aالقصص الانجليزية المترجمة
650 0 4 _aالادباء الانجليزيون
650 0 4 _aتاريخ ونقد
650 0 4 _aالادب الانجليزى المترجم
942 _2ddc
_cBK
999 _c30248
_d30248